Регионална библиотека "Любен Каравелов" - Русе

Елена от Авалор (Запис номер 198459)

MARC детайли
000 -Лидер
Лидер 01211nam a2200289 a 4500
003 - Код на организацията, давaща контролен номер
Код на организацията, даваща контролен номер BLK
005 - Дата и час на последна редакция
Дата и час на последна редакция 20250712130440.0
008 - Елементи от данни с фиксирана дължина
Елементи с фиксирана дължина 180411b bul|||||r ||||||| ||bul||
020 ## - Международен стандартен номер на книга ISBN
ISBN 9789542718888
040 ## - Източник на каталожния запис
Код на библиотеката BLK
041 ## - Код за език
Език Български
Език за КДБФ Български
080 ## - УДК
УДК текст Литература на отделни езици и езикови семейства
УДК код 821
УДК – определител -93-34
УДК – код + определител 821-93-34
245 10 - Сведения за заглавието
Заглавие Елена от Авалор
Подзаглавни данни Сестра за пример
Авторска отговорност прев. Габриела Каменова.
257 ## - Страна на издаване
Страна на създаване/издаване Сборници - Свят
260 ## - Област на издателските данни
Място на издаване София
Име на издателя Егмонт България
Година на издаване 2017
Печатница София : Лито Балкан
300 ## - Физическа характеристика
Брой страници 64 с.
Илюстрации с цв. ил.
Размер 23 см
380 ## - Жанр
Жанр Детска худож. лит.
490 1# - СЕРИИ (Колекции)
Серия Чародейства
500 ## - Общи забележки
Обща забележка Ориг. загл.: Elena of Avalor: model sister. - Загл. на кор.: Елена от Авалор
653 ## - Ключова дума – ненормативна
9 (RLIN) 184826
Ключови думи детска литература
700 1# - Други автори (авторска отговорност)
Друг автор Каменова, Габриела Цветанова
Авт. отговорност на др. автор прев.
9 (RLIN) 385863
852 ## - Местоположение
Сигнатура (форматна) Цб 286052
Отдел Хранилище
Систематично-азбучна сигнатура 821-93/Е 49
942 ## - АРТИКУЛИ
Вид на библиотечния документ Книги
Скрит в OPAC Не
Koha issues (borrowed), all copies 6
944 ## - СЪЗДАВАНЕ И РЕДАКЦИЯ на ЗАПИСА
Създаване/Редакция Създаване
Дата на регистрацията/редакция 12.06.2017
Служител, извършил регистрацията/редакцията 30546
Номер на служител Ренета Константинова
944 ## - СЪЗДАВАНЕ И РЕДАКЦИЯ на ЗАПИСА
Създаване/Редакция Редакция
Дата на регистрацията/редакция 2023-07-18
Служител, извършил регистрацията/редакцията СТ
999 ## - СИСТЕМНИ КОНТРОЛНИ НОМЕРА
Koha biblionumber 198459
Koha biblioitemnumber 198459
Наличности
Код за отписване Код за изгубен артикул Код за повреда Коз за рестрикции Код за отдаване Артикулен № Име на библиотеката - собственик Име на библиотеката, в която се намира в момента Статус (Текущо местоположение) Дата на вписване в системата Местоположение - отдел Цена в лева Инвентарен номер Систематично азбучна сигнатура Баркод Номер на екземпляра Цена в евро Служебна бележка Служебен тип на артикула Източник на класификационната схема
  Не е изгубен Не е повреден без рестрикции ползва се в читалня 345085 Регионална библиотека "Любен Каравелов" Русе Регионална библиотека "Любен Каравелов" Русе Хранилище 2017-06-14 Хранилище 6.99 120000812307 Цб 286052 120000812307 1 3.57 Дост: Dp Вид: Д N: 20 Дата: 19.04.2017 Книги  
  Не е изгубен Не е повреден   заемане за дома 931291 Регионална библиотека "Любен Каравелов" Русе Регионална библиотека "Любен Каравелов" Русе Детски отдел 2023-07-21 Детски отдел 6.99 120000890331 821-93/Е 49 120000890331   3.57   Книги Universal Decimal Classification
Vip Innovations Ltd, Rousse, Bulgaria 2025